000 00733nam a2200241 4500
003 OSt
005 20240618013440.0
006 a
008 240618b |||||||| |||| 00| 0 eng d
020 _a9780470637982
040 _aDWCL-Main lib.
_cOC
082 _aCirc. 658.408 L418m 2011
100 _aLawler, Edward E
245 _aManagement reset : organizing for sustainable effectiveness /
260 _aCalifornia :
_bJossey-Bass,
_cc2011.
300 _axv,
_b336 p. ;
_c23 cm.
504 _aIncludes bibliographical references & index.
650 _a1. Organizational effectiveness.
650 _a2. Management.
650 _a3. Sustainable development.
700 _aEdward E Lawler
942 _2ddc
_n0
_cBK-CIRC
_kCirc.
999 _c781
_d781